| 000 | 00800cab a2200301 4500 | ||
|---|---|---|---|
| 001 | WB3345-14 | ||
| 008 | 090401t1997 xxu||||| |||| 00| 0 eng d | ||
| 035 | _a(Sirsi) u82224 | ||
| 041 | _aeng | ||
| 245 | _aSurvey: Cardiff | ||
| 260 | _c1997 | ||
| 350 | _a0 | ||
| 490 |
_aWestern Mail _vSupplement 19 November 1997, (16) LOAN |
||
| 520 | _aReview of plans for developments in cardiff. | ||
| 650 | _aCARDIFF BAY | ||
| 650 | _aCARDIFF | ||
| 650 | _aCINEMAS | ||
| 650 | _aHOTEL MARKET | ||
| 650 | _aHOUSING MARKET | ||
| 650 | _aLEISURE MARKET | ||
| 650 | _aNATIONAL STADIUM | ||
| 650 | _aWALES | ||
| 650 | _aWATERFRONT DEVELOPMENTS | ||
| 650 | _aWELSH ACADEMY OF SPORT | ||
| 690 | _aPROPERTY-COMMERCIAL PROPERTY-COMMERCIAL PROPERTY MARKET | ||
| 942 | _n0 | ||
| 948 | _c19/11/1997 | ||
| 999 |
_c51876 _d51876 |
||